000 00497nmm a2200169Ia 4500
008 251105s9999||||xx |||||||||||||||||und||
020 _a9788477370796
041 _aspa
100 _aRico, Juan Carlos
245 0 _aLos conocimientos técnicos : museos, arquitectura, arte
264 _a[Madrid, España] :
_bSílex Ediciones,
_c2000
300 _a644 páginas
490 _aMuseología
650 _aArts in general
856 _uhttps://public.digitaliapublishing.com/a/1311
942 _cCF
999 _c85323
_d85323